[Event "Flint op 07"]
[Site "Flint"]
[Date "2002.07.27"]
[Round "2"]
[White "Cendrowski, Chris D"]
[Black "Burwell, Raymond"]
[Result "0-1"]
[WhiteElo "1379"]
[BlackElo "1834"]
[PlyCount "50"]
[EventDate "2002.07.27"]
[EventType "swiss"]
[EventRounds "5"]
[EventCountry "USA"]
[SourceTitle "EXT 2009"]
[Source "ChessBase"]
[SourceDate "2008.11.26"]
[SourceVersion "1"]
[SourceVersionDate "2008.11.26"]
[SourceQuality "1"]

1. e4 e6 2. d4 d5 3. Nc3 Bb4 4. e5 Ne7 5. a3 Ba5 6. b4 Bb6 7. Na4 Bd7 8. Nc5 Bxc5 9. bxc5 Nbc6 10. c3 0-0 11. Bd3 Nf5 12. h4 h6 13. Qg4 g6 14. h5 g5 15. f4 f6 16. exf6 Qxf6 17. fxg5 Qg7 18. g6 e5 19. Bxf5 Rxf5 20. Qg3 exd4 21. cxd4 Re8+ 22. Ne2 Nxd4 23. Ra2 Bb5 24. Be3 Nxe2 25. Rxe2 Qa1+ 0-1

[Event "Flint op 07"]
[Site "Flint"]
[Date "2002.07.27"]
[Round "3"]
[White "Mandell, Ed"]
[Black "Cendrowski, Chris D"]
[Result "1-0"]
[WhiteElo "1298"]
[BlackElo "1379"]
[PlyCount "100"]
[EventDate "2002.07.27"]
[EventType "swiss"]
[EventRounds "5"]
[EventCountry "USA"]
[SourceTitle "EXT 2009"]
[Source "ChessBase"]
[SourceDate "2008.11.26"]
[SourceVersion "1"]
[SourceVersionDate "2008.11.26"]
[SourceQuality "1"]

1. e4 c6 2. c3 d5 3. Qa4 dxe4 4. Qxe4 Nf6 5. Qf4 Bg4 6. h3 Bh5 7. Nf3 e6 8. d4 Bd6 9. Qe3 Qc7 10. Be2 Bf4 11. Qxf4 Qb6 12. Na3 Qd8 13. Nc4 0-0 14. g4 Bg6 15. Nh4 Nd5 16. Qg3 Nd7 17. Ne3 N5f6 18. Nc4 Ne4 19. Qf3 Qxh4 20. Bf4 Qd8 21. h4 Nef6 22. Bd3 Bxd3 23. Qxd3 Ne8 24. 0-0-0 b5 25. Ne5 Nxe5 26. dxe5 Nc7 27. Qxd8 Rfxd8 28. Rxd8+ Rxd8 29. Bd2 a5 30. Be3 Nd5 31. Rd1 Rb8 32. Bc5 a4 33. Kc2 f6 34. Bd6 Rb7 35. b3 axb3+ 36. axb3 Ra7 37. Kd3 Nf4+ 38. Kd4 Rd7 39. Rd2 fxe5+ 40. Kxe5 Rf7 41. Rd4 Ng6+ 42. Kxe6 Rf6+ 43. Kd7 Rxf2 44. h5 Nf8+ 45. Kxc6 Rf3 46. Bb4 Ne6 47. Re4 Ng5 48. Re5 Nf7 49. Rxb5 Nh6 50. g5 Ng4 1-0